80 anys de joieria i orfeberia catalana : 1900 - 1980 1900 - 1980
Descripción Física:
72 p. : il. ; 30 cm
MARC
| LEADER | 00000nam a2200000Ia 4500 | ||
|---|---|---|---|
| 001 | 23044 | ||
| 008 | 160829s1981 xx 000 0 cat d | ||
| 080 | |a B-2-238 | ||
| 245 | |a 80 anys de joieria i orfeberia catalana : |b 1900 - 1980 | ||
| 260 | |a Barcelona : |b Caixa de Pensions. Obra Social Cultural, |c 1981 | ||
| 300 | |a 72 p. : |b il. ; |c 30 cm | ||
| 590 | |a Prové de Q-159, exp. 75. | ||
| 590 | |a Exposició organitzada per l'Obra Cultural de la Caixa de Pensions, amb la col·laboració d'Orfebres FAD (Agrupació d'Orfebreria del Foment de les Arts Decoratives), celebrada entre el 24 de febrer i el 29 de març de 1981 al Centre Cultural de la Caixa de Pensions per a la Vellesa i d'Estalvis | ||
| 650 | |a Orfebreria catalana |x S. XX |9 47196 | ||
| 650 | |a Joies |x Catalunya |9 47197 | ||
| 710 | 1 | |a Fundació la Caixa. |b Obra Social |9 52754 | |
| 901 | |a Arxiu | ||
| 942 | |n 1 | ||
| 952 | |0 0 |1 0 |4 0 |6 B2238 |7 1 |9 53743 |a Arxiu |b Arxiu |d 2016-12-01 |l 0 |o B-2-238 |p 23044 |r 2016-12-01 00:00:00 |w 2016-12-01 |y ARXIU | ||
| 999 | |c 57609 |d 57609 | ||